| 000 | 00729nam a2200205Ia 4500 | ||
|---|---|---|---|
| 003 | LK-CoDNM | ||
| 008 | 010623t2005 xxu||||| |||| 00| 1 sin d | ||
| 040 |
_aLK-CoDNM _dLK-CoDNM _eLK-CoDNM |
||
| 041 | _asin | ||
| 080 |
_a396 _bWIJ |
||
| 100 | _aAbesekera ,Asha | ||
| 245 | _aස්ත්රී පුරුෂ සමාජභාවය හා ගැටුම් පරිණාමනය : පාරිභාෂික ශබ්ද මාලාව | ||
| 246 | _aStree Purusa Samajabhawaya ha Gatum Parinamanaya: Dictionary | ||
| 260 |
_bSri Lanka Jatika Sama Mandalaya _aColombo _c2005 |
||
| 300 | _b28p, 30 cm | ||
| 650 | _aDictionary | ||
| 700 | _aFonseka ,Dilrukshi | ||
| 700 |
_aWijedasa ,B.K.H.A _etr. |
||
| 942 | _cBK | ||
| 999 |
_c125314 _d125314 |
||